[Event "31. Torneo San Viator 2019"]
[Site "Madrid ESP"]
[Date "2019.10.13"]
[Round "5.8"]
[White "Luque Ibanes, Manuel"]
[Black "Rojo Jorge, Luis"]
[Result "1-0"]
[WhiteElo "1972"]
[BlackElo "1788"]
[PlyCount "105"]
[EventDate "2019.09.08"]
[EventType "swiss"]
[EventRounds "9"]
[EventCountry "ESP"]
[SourceTitle "Ajedrez en Madrid"]
[Source "lmi"]
[SourceDate "2019.09.08"]
[SourceVersion "1"]
[SourceVersionDate "2019.10.29"]
[SourceQuality "1"]

1. e4 e5 2. Nf3 Nc6 3. d4 exd4 4. Nxd4 Bc5 5. Nxc6 bxc6 6. Bc4 Nf6 7. Nc3 O-O
8. O-O h6 9. e5 Nh7 10. Qh5 d5 11. Bd3 f5 12. Kh1 Qe8 13. Qxe8 Rxe8 14. f4 Be6
15. Ne2 Bb6 16. g4 g6 17. h4 c5 18. gxf5 gxf5 19. Bb5 Rf8 20. a4 a6 21. Bc6
Rab8 22. a5 Ba7 23. Ra3 Kf7 24. Rg3 Rg8 25. Rfg1 Rxg3 26. Rxg3 Nf8 27. h5 c4
28. c3 Rd8 29. Nd4 Bxd4 30. cxd4 Rb8 31. Kg2 Rb4 32. Kf2 Ke7 33. Ke2 Bf7 34.
Ke1 Rb8 35. Kd2 Ne6 36. Bxd5 Nxd4 37. Bxf7 Kxf7 38. Rg6 Rb3 39. Rxa6 Rd3+ 40.
Ke1 Nb3 41. Rxh6 Nxc1 42. a6 Kg7 43. Rd6 Rh3 44. a7 Rh1+ 45. Kf2 Nd3+ 46. Rxd3
cxd3 47. a8=Q Rh2+ 48. Ke1 d2+ 49. Kd1 Rf2 50. Qc6 Rxf4 51. Qd7+ Kf8 52. e6 Kg8
53. Qf7+ 1-0

[Event "31. Torneo San Viator 2019"]
[Site "Madrid ESP"]
[Date "2019.10.13"]
[Round "5.9"]
[White "Ramos Isasi, Jose"]
[Black "Barahona Torrijos, Angel"]
[Result "1-0"]
[WhiteElo "1767"]
[BlackElo "1862"]
[PlyCount "107"]
[EventDate "2019.09.08"]
[EventType "swiss"]
[EventRounds "9"]
[EventCountry "ESP"]
[SourceTitle "Ajedrez en Madrid"]
[Source "lmi"]
[SourceDate "2019.09.08"]
[SourceVersion "1"]
[SourceVersionDate "2019.10.29"]
[SourceQuality "1"]

1. d4 Nf6 2. c4 e6 3. Nc3 d5 4. Nf3 c5 5. e3 cxd4 6. exd4 Nc6 7. c5 Ne4 8. Be3
Be7 9. Qc2 f5 10. a3 O-O 11. b4 Bf6 12. Be2 e5 13. Nxd5 exd4 14. Nxf6+ Qxf6 15.
Qc4+ Be6 16. Bxd4 Nxd4 17. Qxd4 Nc3 18. Qxf6 gxf6 19. Bd3 Rad8 20. Kd2 Ne4+ 21.
Ke3 Nxf2 22. Bxf5 Bxf5 23. Kxf2 Rfe8 24. Rhe1 Kf7 25. Rad1 Bc2 26. Rd2 Rxd2+
27. Nxd2 Re6 28. Re3 f5 29. Nc4 Be4 30. g3 Kf6 31. Nd6 a6 32. Nxe4+ fxe4 33.
Rc3 Ke5 34. Ke3 Rf6 35. Ke2 Kd4 36. Re3 b6 37. cxb6 Rxb6 38. g4 Rh6 39. h3 Rc6
40. Rb3 Rc2+ 41. Kd1 Rf2 42. a4 Rf7 43. b5 axb5 44. axb5 Ke5 45. b6 Rb7 46. Ke2
Kd4 47. g5 Kc4 48. Rb1 Kd4 49. h4 Ke5 50. Ke3 Kf5 51. Rb5+ Kg4 52. Kxe4 Kxh4
53. Kf5 Rg7 54. Kf6 1-0

[Event "31. Torneo San Viator 2019"]
[Site "Madrid ESP"]
[Date "2019.10.13"]
[Round "5.10"]
[White "Padin Lazaro, Jose Manuel"]
[Black "Bernal Zajarov, Mateo"]
[Result "1-0"]
[WhiteElo "1847"]
[BlackElo "1636"]
[PlyCount "49"]
[EventDate "2019.09.08"]
[EventType "swiss"]
[EventRounds "9"]
[EventCountry "ESP"]
[SourceTitle "Ajedrez en Madrid"]
[Source "lmi"]
[SourceDate "2019.09.08"]
[SourceVersion "1"]
[SourceVersionDate "2019.10.29"]
[SourceQuality "1"]

1. e4 c5 2. Nf3 d6 3. Bb5+ Nd7 4. d4 a6 5. Bxd7+ Qxd7 6. O-O g6 7. b3 Bg7 8.
Bb2 e6 9. Qe2 Qc7 10. c4 Ne7 11. dxc5 O-O 12. Bxg7 Kxg7 13. cxd6 Qxd6 14. Rd1
Qc7 15. Qb2+ f6 16. Qd4 Nc6 17. Qd6 Qb6 18. Nc3 Rd8 19. Qa3 Bd7 20. Rd6 Qc7 21.
Rad1 Na7 22. e5 f5 23. Ng5 b5 24. Rxa6 Qxe5 25. Qe7+ 1-0

[Event "31. Torneo San Viator 2019"]
[Site "Madrid ESP"]
[Date "2019.10.13"]
[Round "5.11"]
[White "Jimenez Elices, Jose Maria"]
[Black "Linares Leyva, David"]
[Result "1/2-1/2"]
[WhiteElo "1729"]
[BlackElo "1805"]
[PlyCount "79"]
[EventDate "2019.09.08"]
[EventType "swiss"]
[EventRounds "9"]
[EventCountry "ESP"]
[SourceTitle "Ajedrez en Madrid"]
[Source "lmi"]
[SourceDate "2019.09.08"]
[SourceVersion "1"]
[SourceVersionDate "2019.10.29"]
[SourceQuality "1"]

1. e4 e6 2. d4 d5 3. Nc3 dxe4 4. Nxe4 Nd7 5. Bd3 Ngf6 6. Ne2 Nxe4 7. Bxe4 Nf6
8. Bf3 c5 9. c3 Qb6 10. O-O Be7 11. dxc5 Bxc5 12. b4 Bd6 13. Bg5 Qc7 14. Bxf6
gxf6 15. g3 Bd7 16. Nd4 Ke7 17. Re1 Be5 18. Qb3 Rac8 19. Rac1 Bxd4 20. cxd4
Qxc1 21. Rxc1 Rxc1+ 22. Kg2 Rhc8 23. b5 R8c7 24. Qb2 Ke8 25. Bc6 Bxc6+ 26. bxc6
R1xc6 27. Qb5 Ke7 28. d5 Rc5 29. d6+ Kxd6 30. Qd3+ Ke7 31. Qxh7 Rc2 32. Qe4 f5
33. Qh4+ Kd6 34. Qd4+ Ke7 35. a3 R2c4 36. Qb2 f6 37. h4 Kf7 38. Qb3 Kg6 39. Qb5
R4c6 40. a4 1/2-1/2

[Event "31. Torneo San Viator 2019"]
[Site "Madrid ESP"]
[Date "2019.10.13"]
[Round "5.12"]
[White "Alvarez Poves, Jesus"]
[Black "Ramos Antona, Enrique"]
[Result "1-0"]
[WhiteElo "1794"]
[BlackElo "1486"]
[PlyCount "73"]
[EventDate "2019.09.08"]
[EventType "swiss"]
[EventRounds "9"]
[EventCountry "ESP"]
[SourceTitle "Ajedrez en Madrid"]
[Source "lmi"]
[SourceDate "2019.09.08"]
[SourceVersion "1"]
[SourceVersionDate "2019.10.29"]
[SourceQuality "1"]

1. d4 Nf6 2. c4 e6 3. Nc3 d5 4. Bg5 Be7 5. Nf3 c6 6. e3 h6 7. Bh4 O-O 8. Bd3
Nbd7 9. O-O c5 10. cxd5 exd5 11. Rc1 a6 12. dxc5 Nxc5 13. Bxf6 Bxf6 14. Nxd5
Nxd3 15. Qxd3 Kh8 16. b3 Bg4 17. e4 Bb2 18. Rc2 Ba3 19. b4 f5 20. Qxa3 fxe4 21.
Ne5 Bf5 22. Ne3 Be6 23. Ng6+ Kg8 24. Nxf8 Qxf8 25. Qb2 Qf6 26. Rfc1 Qg6 27. Qe5
Rf8 28. Nd5 Re8 29. Nc7 Re7 30. Nxe6 Rxe6 31. Rc8+ Kh7 32. Qb8 Qg5 33. Rh8+ Kg6
34. Qg3 Qxg3 35. hxg3 Re7 36. Rhc8 Kf5 37. R8c7 1-0

[Event "31. Torneo San Viator 2019"]
[Site "Madrid ESP"]
[Date "2019.10.20"]
[Round "6.1"]
[White "Medina Riesgo, Pedro"]
[Black "Unciti Juan, Javier"]
[Result "0-1"]
[WhiteElo "2123"]
[BlackElo "1987"]
[PlyCount "126"]
[EventDate "2019.09.08"]
[EventType "swiss"]
[EventRounds "9"]
[EventCountry "ESP"]
[SourceTitle "Ajedrez en Madrid"]
[Source "lmi"]
[SourceDate "2019.09.08"]
[SourceVersion "1"]
[SourceVersionDate "2019.10.29"]
[SourceQuality "1"]

1. e4 e6 2. d3 c5 3. Nf3 Nc6 4. g3 g6 5. Bg2 Bg7 6. O-O Nge7 7. Re1 e5 8. c3 d6
9. a3 O-O 10. b4 h6 11. b5 Na5 12. c4 Bg4 13. Nc3 Qd7 14. Bd2 b6 15. Rb1 Rab8
16. Qa4 Nb7 17. Nd5 Nxd5 18. cxd5 Nd8 19. Qc4 Bh3 20. Bh1 f5 21. exf5 Qxf5 22.
Be3 Nf7 23. Qe4 Qf6 24. Qh4 Qf5 25. Qe4 g5 26. Nd2 Qd7 27. Qc4 Nh8 28. Be4 Qf7
29. Bg2 Bxg2 30. Kxg2 Ng6 31. Qe4 Ne7 32. Nc4 Rbd8 33. h4 gxh4 34. Rh1 Nxd5 35.
Rbf1 Nxe3+ 36. Nxe3 d5 37. Qg4 d4 38. Nc4 Qd5+ 39. f3 Rde8 40. Rxh4 Rf6 41. Qe4
Qxe4 42. Rxe4 Rfe6 43. a4 Kf7 44. Rh1 Rg6 45. Rh5 Rge6 46. Rf5+ Kg6 47. g4 Bf6
48. Kf1 R8e7 49. Ke2 Rh7 50. Rh5 Rhe7 51. Kd1 Bg5 52. Kc2 Bf4 53. Kb3 Rf7 54.
Rh3 Rh7 55. Rh5 Rf7 56. Nb2 Bg3 57. Kc4 Rd6 58. Rf5 Rxf5 59. gxf5+ Kxf5 60. a5
h5 61. Na4 h4 62. a6 h3 63. Re2 h2 0-1

[Event "31. Torneo San Viator 2019"]
[Site "Madrid ESP"]
[Date "2019.10.20"]
[Round "6.2"]
[White "Periotto Miori, Fabrizio Lautaro"]
[Black "Renteria, Jorge"]
[Result "0-1"]
[WhiteElo "1803"]
[BlackElo "2286"]
[PlyCount "104"]
[EventDate "2019.09.08"]
[EventType "swiss"]
[EventRounds "9"]
[EventCountry "ESP"]
[SourceTitle "Ajedrez en Madrid"]
[Source "lmi"]
[SourceDate "2019.09.08"]
[SourceVersion "1"]
[SourceVersionDate "2019.10.29"]
[SourceQuality "1"]

1. d4 Nf6 2. Nc3 d5 3. Bg5 Nbd7 4. Qd3 e6 5. e4 dxe4 6. Nxe4 Be7 7. Nxf6+ Nxf6
8. Nf3 O-O 9. Be2 c5 10. O-O Qc7 11. Qc4 b5 12. Qxb5 Rb8 13. Qc4 Rb4 14. Qd3 c4
15. Qe3 Rxb2 16. Bxf6 gxf6 17. Qc3 Rb6 18. Rab1 Ba6 19. Nd2 Rfb8 20. Rxb6 Rxb6
21. f4 f5 22. Qg3+ Kh8 23. Nf3 Bf6 24. Ne5 Rb8 25. Bh5 Bxe5 26. fxe5 c3 27. Rd1
Rg8 28. Qh4 Bb7 29. Qf6+ Rg7 30. g3 Kg8 31. Rb1 h6 32. Rf1 Qd7 33. Rf4 Be4 34.
Bf3 Qxd4+ 35. Kg2 Rg6 36. Qe7 Qd2+ 37. Kh3 Bxf3 38. Rxf3 Rg5 39. Rf4 Qd1 40.
Rf2 Qd5 41. Rf4 Rh5+ 42. Rh4 Rxh4+ 43. Qxh4 Qd2 44. Qa4 Qf2 45. Qc4 Qf3 46.
Qc8+ Kg7 47. Qc7 Qf1+ 48. Kh4 Qg2 49. h3 Qd2 50. Qe7 Qd4+ 51. g4 Qxe5 52. Qxa7
f4 0-1

[Event "31. Torneo San Viator 2019"]
[Site "Madrid ESP"]
[Date "2019.10.20"]
[Round "6.3"]
[White "Sanchez Hernandez, Alvaro"]
[Black "Rodriguez Polo, Mateo"]
[Result "0-1"]
[WhiteElo "1765"]
[BlackElo "2037"]
[PlyCount "66"]
[EventDate "2019.09.08"]
[EventType "swiss"]
[EventRounds "9"]
[EventCountry "ESP"]
[SourceTitle "Ajedrez en Madrid"]
[Source "lmi"]
[SourceDate "2019.09.08"]
[SourceVersion "1"]
[SourceVersionDate "2019.10.29"]
[SourceQuality "1"]

1. d4 Nf6 2. c4 e6 3. g3 d5 4. Nf3 dxc4 5. Bg2 Nc6 6. O-O Rb8 7. e3 Be7 8. Nfd2
O-O 9. Nxc4 Bd7 10. Nc3 Be8 11. Qe2 Nd5 12. Ne4 b5 13. Ne5 f5 14. Nxc6 Bxc6 15.
Nc5 Bxc5 16. dxc5 Qe7 17. e4 fxe4 18. Qxe4 Rbe8 19. Qd4 Rd8 20. Qg4 Nf6 21. Bg5
Bxg2 22. Kxg2 h6 23. Bxf6 Qxf6 24. Qe2 Rd5 25. b4 c6 26. Rfd1 Re5 27. Qf1 Qf3+
28. Kg1 Re2 29. Qg2 Qxg2+ 30. Kxg2 Rfxf2+ 31. Kg1 Rxh2 32. Rd8+ Kh7 33. Rad1
Rxa2 0-1

[Event "31. Torneo San Viator 2019"]
[Site "Madrid ESP"]
[Date "2019.10.20"]
[Round "6.4"]
[White "Alonso Aranzabal, Iñigo"]
[Black "Tenorio Garcia, Joel"]
[Result "1-0"]
[WhiteElo "1873"]
[BlackElo "1841"]
[PlyCount "97"]
[EventDate "2019.09.08"]
[EventType "swiss"]
[EventRounds "9"]
[EventCountry "ESP"]
[SourceTitle "Ajedrez en Madrid"]
[Source "lmi"]
[SourceDate "2019.09.08"]
[SourceVersion "1"]
[SourceVersionDate "2019.10.29"]
[SourceQuality "1"]

1. e4 e5 2. Nf3 Nc6 3. Bb5 a6 4. Bxc6 dxc6 5. O-O Qf6 6. d4 exd4 7. Nxd4 Bc5 8.
Nb3 Bb6 9. c4 Be6 10. Qe2 Ne7 11. Nc3 O-O 12. c5 Bxb3 13. cxb6 Be6 14. bxc7
Rac8 15. Be3 Rxc7 16. Bb6 Rd7 17. Rad1 Nc8 18. Rxd7 Bxd7 19. Bc5 Rd8 20. f4 b6
21. Be3 b5 22. e5 Qe7 23. Ne4 Bf5 24. Bc5 Qe6 25. Rd1 Rd5 26. Nf2 h6 27. b4 Qd7
28. Rxd5 Qxd5 29. g4 Be6 30. f5 Bd7 31. Qd3 Qxd3 32. Nxd3 g6 33. fxg6 Bxg4 34.
gxf7+ Kxf7 35. Nf4 Ne7 36. Bxe7 Kxe7 37. Kf2 Kd7 38. Ke3 c5 39. bxc5 Kc6 40.
Kd4 a5 41. e6 a4 42. a3 Bd1 43. Nd3 Bb3 44. Nb4+ Kc7 45. Ke5 Kd8 46. Kd6 Bc4
47. e7+ Ke8 48. Na6 Kf7 49. Nc7 1-0

[Event "31. Torneo San Viator 2019"]
[Site "Madrid ESP"]
[Date "2019.10.20"]
[Round "6.5"]
[White "Muñoz Cebey, Ricardo"]
[Black "Recuenco Andres, Javier"]
[Result "0-1"]
[WhiteElo "1845"]
[BlackElo "1833"]
[PlyCount "110"]
[EventDate "2019.09.08"]
[EventType "swiss"]
[EventRounds "9"]
[EventCountry "ESP"]
[SourceTitle "Ajedrez en Madrid"]
[Source "lmi"]
[SourceDate "2019.09.08"]
[SourceVersion "1"]
[SourceVersionDate "2019.10.29"]
[SourceQuality "1"]

1. c4 d6 2. g3 e5 3. Bg2 g6 4. Nc3 Bg7 5. d3 Ne7 6. Nf3 O-O 7. O-O c6 8. e4 Bg4
9. h3 Bd7 10. d4 Qc8 11. Kh2 Qc7 12. dxe5 dxe5 13. Be3 Na6 14. Qe2 f5 15. Rad1
Rad8 16. Bg5 Be6 17. b3 Rxd1 18. Rxd1 h6 19. Bxe7 Qxe7 20. exf5 Bxf5 21. Ne4 g5
22. Nfd2 Rd8 23. g4 Bg6 24. Bf3 Nb4 25. a3 Nc2 26. a4 Nd4 27. Qe3 Qf8 28. Bg2
Qf4+ 29. Qxf4 exf4 30. Re1 Re8 31. f3 Nc2 32. Re2 Ne3 33. Nf1 Bxe4 34. fxe4
Nxf1+ 35. Bxf1 Rd8 36. Ra2 Kf7 37. Kg2 Ke6 38. Kf3 Bd4 39. Rd2 c5 40. Ke2 Ke5
41. Bg2 Rd6 42. Bf3 Rb6 43. Rd3 Rd6 44. Rd1 b6 45. Rd2 a6 46. Rd3 b5 47. axb5
axb5 48. Rd2 bxc4 49. bxc4 Ra6 50. Rc2 Ra3 51. Bg2 Re3+ 52. Kf1 f3 53. Bh1 Kxe4
54. Ra2 Kf4 55. Rf2 Kg3 0-1

[Event "31. Torneo San Viator 2019"]
[Site "Madrid ESP"]
[Date "2019.10.20"]
[Round "6.6"]
[White "Calvo Gonzalez, Jose Felix"]
[Black "Luque Ibanes, Manuel"]
[Result "1/2-1/2"]
[WhiteElo "1683"]
[BlackElo "1972"]
[PlyCount "42"]
[EventDate "2019.09.08"]
[EventType "swiss"]
[EventRounds "9"]
[EventCountry "ESP"]
[SourceTitle "Ajedrez en Madrid"]
[Source "lmi"]
[SourceDate "2019.09.08"]
[SourceVersion "1"]
[SourceVersionDate "2019.10.29"]
[SourceQuality "1"]

1. e4 g6 2. d4 Bg7 3. Nc3 d6 4. Be3 a6 5. h4 h5 6. Nh3 b5 7. a3 Bb7 8. Ng5 Nd7
9. Qd2 Rc8 10. O-O-O c5 11. e5 dxe5 12. dxe5 Bxe5 13. Nxf7 Kxf7 14. Qxd7 Qxd7
15. Rxd7 Bc6 16. Rd1 Nf6 17. Bxc5 Bxg2 18. Bxg2 Rxc5 19. Ne4 Bf4+ 20. Kb1 Rc7
21. Rd4 Nxe4 1/2-1/2

[Event "31. Torneo San Viator 2019"]
[Site "Madrid ESP"]
[Date "2019.10.20"]
[Round "6.7"]
[White "Gil Sierra, Jacinto"]
[Black "Ramos Isasi, Jose"]
[Result "1-0"]
[WhiteElo "1952"]
[BlackElo "1767"]
[PlyCount "75"]
[EventDate "2019.09.08"]
[EventType "swiss"]
[EventRounds "9"]
[EventCountry "ESP"]
[SourceTitle "Ajedrez en Madrid"]
[Source "lmi"]
[SourceDate "2019.09.08"]
[SourceVersion "1"]
[SourceVersionDate "2019.10.29"]
[SourceQuality "1"]

1. e4 c6 2. d4 d5 3. exd5 cxd5 4. c4 Nf6 5. Nc3 e6 6. Bg5 Be7 7. c5 O-O 8. Nf3
b6 9. b4 bxc5 10. bxc5 Qa5 11. Qd2 Nc6 12. Rb1 Ba6 13. Bb5 Bxb5 14. Rxb5 Qa6
15. Bxf6 Bxf6 16. O-O Rab8 17. a4 Bd8 18. Ne5 Ba5 19. Nxc6 Bxc3 20. Nxb8 Qxb5
21. axb5 Bxd2 22. Nc6 Bc3 23. Rc1 Bd2 24. Ra1 Bc3 25. Rxa7 e5 26. dxe5 d4 27.
Rd7 Ra8 28. f4 Bd2 29. g3 g5 30. fxg5 Be3+ 31. Kg2 d3 32. Rxd3 Bxc5 33. Kf3 Kg7
34. h4 Kg6 35. Rc3 Bb6 36. Ne7+ Kg7 37. h5 Bd4 38. Nf5+ 1-0

[Event "31. Torneo San Viator 2019"]
[Site "Madrid ESP"]
[Date "2019.10.20"]
[Round "6.8"]
[White "Garcia Galeote, Lorenzo"]
[Black "Padin Lazaro, Jose Manuel"]
[Result "1/2-1/2"]
[WhiteElo "1873"]
[BlackElo "1847"]
[PlyCount "68"]
[EventDate "2019.09.08"]
[EventType "swiss"]
[EventRounds "9"]
[EventCountry "ESP"]
[SourceTitle "Ajedrez en Madrid"]
[Source "lmi"]
[SourceDate "2019.09.08"]
[SourceVersion "1"]
[SourceVersionDate "2019.10.29"]
[SourceQuality "1"]

1. d4 d5 2. c4 e6 3. Nc3 c5 4. cxd5 exd5 5. Nf3 Nc6 6. dxc5 d4 7. Na4 Bxc5 8.
Nxc5 Qa5+ 9. Qd2 Qxc5 10. a3 Bg4 11. Qg5 Qxg5 12. Bxg5 f6 13. Bf4 Nge7 14. h3
Bf5 15. Rd1 Rd8 16. g4 Be4 17. Bg2 Ng6 18. Bg3 Nge5 19. O-O Nxf3+ 20. exf3 Bd5
21. Rfe1+ Kf7 22. f4 Bxg2 23. Kxg2 Rhe8 24. Rxe8 Rxe8 25. b4 a6 26. Rd3 Ke6 27.
Rd1 Kd5 28. Rc1 Re2 29. Kf3 Ra2 30. Rc5+ Ke6 31. f5+ Ke7 32. b5 Rxa3+ 33. Ke4
axb5 34. Rxb5 Ra7 1/2-1/2

[Event "31. Torneo San Viator 2019"]
[Site "Madrid ESP"]
[Date "2019.10.20"]
[Round "6.9"]
[White "Linares Leyva, David"]
[Black "Garcia Martin, Esteban"]
[Result "1/2-1/2"]
[WhiteElo "1805"]
[BlackElo "1875"]
[PlyCount "70"]
[EventDate "2019.09.08"]
[EventType "swiss"]
[EventRounds "9"]
[EventCountry "ESP"]
[SourceTitle "Ajedrez en Madrid"]
[Source "lmi"]
[SourceDate "2019.09.08"]
[SourceVersion "1"]
[SourceVersionDate "2019.10.29"]
[SourceQuality "1"]

1. c4 e5 2. g3 Nf6 3. Bg2 d5 4. cxd5 Nxd5 5. Nf3 Nc6 6. O-O Be7 7. Nc3 Be6 8.
d3 O-O 9. Bd2 f6 10. a3 Nd4 11. Rc1 c5 12. Ne4 b6 13. e3 Nxf3+ 14. Qxf3 Qd7 15.
Nc3 Rad8 16. Rfd1 Nxc3 17. Bxc3 Bg4 18. Qe4 Bxd1 19. Rxd1 b5 20. Bf3 Bd6 21. d4
Qe7 22. Ba5 Bc7 23. Qb7 Rc8 24. Bg4 f5 25. Bxf5 Qd8 26. Bxc8 Bxa5 27. Be6+ Kh8
28. Qg2 exd4 29. exd4 cxd4 30. Bd5 Bb6 31. Rd3 Qe7 32. Qe4 Qxe4 33. Bxe4 Rc8
34. Rd2 a5 35. Rc2 Rxc2 1/2-1/2

[Event "31. Torneo San Viator 2019"]
[Site "Madrid ESP"]
[Date "2019.10.20"]
[Round "6.10"]
[White "Barahona Torrijos, Angel"]
[Black "Jimenez Elices, Jose Maria"]
[Result "1-0"]
[WhiteElo "1862"]
[BlackElo "1729"]
[PlyCount "91"]
[EventDate "2019.09.08"]
[EventType "swiss"]
[EventRounds "9"]
[EventCountry "ESP"]
[SourceTitle "Ajedrez en Madrid"]
[Source "lmi"]
[SourceDate "2019.09.08"]
[SourceVersion "1"]
[SourceVersionDate "2019.10.29"]
[SourceQuality "1"]

1. e4 e6 2. d4 d5 3. Nc3 dxe4 4. Nxe4 Nd7 5. Nf3 Ngf6 6. Bd3 Nxe4 7. Bxe4 Nf6
8. Bd3 c5 9. O-O Be7 10. Be3 Qc7 11. c3 O-O 12. Qc2 Bd7 13. Rad1 Rfd8 14. Ne5
Be8 15. f4 Rac8 16. Qb1 g6 17. Kh1 cxd4 18. Bxd4 Bc5 19. Bxc5 Qxc5 20. h3 Rd6
21. b4 Qc7 22. c4 b6 23. Be2 Rcd8 24. Rxd6 Rxd6 25. Rd1 Nd7 26. Nxd7 Bxd7 27.
Qe4 Bc6 28. Qe5 Rxd1+ 29. Bxd1 Qxe5 30. fxe5 Kg7 31. Bf3 Bxf3 32. gxf3 Kf8 33.
a4 Ke7 34. b5 g5 35. Kg2 f6 36. exf6+ Kxf6 37. c5 bxc5 38. a5 c4 39. Kf2 c3 40.
Ke3 c2 41. Kd2 c1=Q+ 42. Kxc1 Ke5 43. b6 axb6 44. a6 Kf4 45. a7 Kxf3 46. a8=Q+
1-0

[Event "31. Torneo San Viator 2019"]
[Site "Madrid ESP"]
[Date "2019.10.20"]
[Round "6.11"]
[White "Rojo Jorge, Luis"]
[Black "Bernal Zajarov, Mateo"]
[Result "1-0"]
[WhiteElo "1788"]
[BlackElo "1636"]
[PlyCount "89"]
[EventDate "2019.09.08"]
[EventType "swiss"]
[EventRounds "9"]
[EventCountry "ESP"]
[SourceTitle "Ajedrez en Madrid"]
[Source "lmi"]
[SourceDate "2019.09.08"]
[SourceVersion "1"]
[SourceVersionDate "2019.10.29"]
[SourceQuality "1"]

1. e4 c5 2. Nf3 d6 3. d4 cxd4 4. Nxd4 Nf6 5. Nc3 g6 6. Be3 Bg7 7. Bc4 O-O 8.
Bb3 Nc6 9. f3 Bd7 10. Qd2 Rc8 11. Nxc6 bxc6 12. Bh6 c5 13. Bxg7 Kxg7 14. a3 c4
15. Ba2 Qb6 16. Rb1 Qc5 17. Qf2 a5 18. O-O e6 19. Rfd1 d5 20. e5 Ng8 21. f4 Ne7
22. g4 f6 23. Qxc5 Rxc5 24. Ne4 dxe4 25. Rxd7 Rf7 26. exf6+ Kxf6 27. Re1 Rd5
28. Rc7 Rb5 29. Bxc4 Rxb2 30. Bb3 Nd5 31. Rxf7+ Kxf7 32. Rxe4 Rb1+ 33. Kg2 Rd1
34. h3 Kf6 35. Ra4 Rd2+ 36. Kf3 Rh2 37. Kg3 Rd2 38. Rxa5 Ne3 39. Rc5 h6 40. a4
Ke7 41. Rc6 Rd6 42. Rxd6 Kxd6 43. Kf3 Nd5 44. Bxd5 Kxd5 45. a5 1-0

[Event "31. Torneo San Viator 2019"]
[Site "Madrid ESP"]
[Date "2019.10.27"]
[Round "7.1"]
[White "Renteria, Jorge"]
[Black "Alonso Aranzabal, Iñigo"]
[Result "1-0"]
[WhiteElo "2286"]
[BlackElo "1873"]
[PlyCount "97"]
[EventDate "2019.09.08"]
[EventType "swiss"]
[EventRounds "9"]
[EventCountry "ESP"]
[SourceTitle "Ajedrez en Madrid"]
[Source "lmi"]
[SourceDate "2019.09.08"]
[SourceVersion "1"]
[SourceVersionDate "2019.10.29"]
[SourceQuality "1"]

1. e4 e5 2. Nf3 Nc6 3. d4 exd4 4. Nxd4 Bc5 5. Be3 Qf6 6. c3 Nge7 7. Bb5 O-O 8.
O-O a6 9. Be2 Bb6 10. f4 Nxd4 11. cxd4 d5 12. e5 Qh6 13. Nc3 c6 14. Qd2 f5 15.
b4 Kh8 16. a4 Rg8 17. b5 Ng6 18. a5 Bd8 19. bxc6 bxc6 20. Na4 Ra7 21. Rac1 Nh4
22. g3 g5 23. Nb6 gxf4 24. Bxf4 Qe6 25. Qc2 Ng6 26. Bd2 Rc7 27. Nxc8 Qxc8 28.
Qxf5 Qb7 29. Rb1 Qa7 30. Rb6 Rb7 31. Rfb1 Rf7 32. Qe6 Nf4 33. Bxf4 Rxf4 34. Kh1
Rf2 35. Bd3 Bxb6 36. axb6 Qg7 37. Qh3 Qf7 38. Kg1 Rd2 39. Rf1 Qg7 40. Rf3 a5
41. Qh5 a4 42. Rf7 Qxf7 43. Qxf7 Rxd3 44. Qf6+ Rg7 45. e6 Re3 46. b7 Re1+ 47.
Kg2 Rb1 48. e7 Rb2+ 49. Kh3 1-0

[Event "31. Torneo San Viator 2019"]
[Site "Madrid ESP"]
[Date "2019.10.27"]
[Round "7.2"]
[White "Rodriguez Polo, Mateo"]
[Black "Medina Riesgo, Pedro"]
[Result "0-1"]
[WhiteElo "2037"]
[BlackElo "2123"]
[PlyCount "74"]
[EventDate "2019.09.08"]
[EventType "swiss"]
[EventRounds "9"]
[EventCountry "ESP"]
[SourceTitle "Ajedrez en Madrid"]
[Source "lmi"]
[SourceDate "2019.09.08"]
[SourceVersion "1"]
[SourceVersionDate "2019.10.29"]
[SourceQuality "1"]

1. Nf3 c5 2. c4 g6 3. e4 Bg7 4. d4 cxd4 5. Nxd4 Nc6 6. Be3 Nh6 7. Nc3 O-O 8.
Be2 f5 9. Nxc6 bxc6 10. Qd2 Nf7 11. exf5 gxf5 12. f4 Qa5 13. Bd4 d6 14. Bxg7
Kxg7 15. O-O Rb8 16. Kh1 e5 17. Bh5 Qc7 18. Bxf7 Rxf7 19. fxe5 dxe5 20. Qg5+
Kh8 21. Rad1 Be6 22. b3 Rg8 23. Qh6 Qe7 24. Qe3 Bc8 25. Rfe1 f4 26. Qxe5+ Qxe5
27. Rxe5 f3 28. gxf3 Bh3 29. Re2 Rfg7 30. Ne4 Bg2+ 31. Rxg2 Rxg2 32. Nf6 R8g6
33. Rd8+ Kg7 34. Ng4 Rxa2 35. Rd7+ Kf8 36. Rd8+ Ke7 37. Rd3 Ra1+ 0-1

[Event "31. Torneo San Viator 2019"]
[Site "Madrid ESP"]
[Date "2019.10.27"]
[Round "7.3"]
[White "Recuenco Andres, Javier"]
[Black "Horcajada Reales, Guillermo"]
[Result "0-1"]
[WhiteElo "1833"]
[BlackElo "2154"]
[PlyCount "120"]
[EventDate "2019.09.08"]
[EventType "swiss"]
[EventRounds "9"]
[EventCountry "ESP"]
[SourceTitle "Ajedrez en Madrid"]
[Source "lmi"]
[SourceDate "2019.09.08"]
[SourceVersion "1"]
[SourceVersionDate "2019.10.29"]
[SourceQuality "1"]

1. c4 e5 2. g3 Nf6 3. Bg2 d5 4. cxd5 Nxd5 5. Qb3 Nb6 6. Qb5+ N8d7 7. Nh3 c6 8.
Qd3 Be7 9. Nc3 O-O 10. O-O a5 11. f4 f5 12. fxe5 Nxe5 13. Qxd8 Rxd8 14. d4 Rxd4
15. e4 fxe4 16. Nf2 Nf3+ 17. Kh1 Nd2 18. Re1 Bf5 19. Nfxe4 Nxe4 20. Nxe4 Bb4
21. Nc3 Rd3 22. Rf1 Bg6 23. Ne2 Nd5 24. Nf4 Nxf4 25. Bxf4 Re8 26. a3 Bc5 27.
Rae1 Rxe1 28. Rxe1 Bd4 29. Bc1 Bh5 30. Bf1 Bf3+ 31. Bg2 Rd1 32. Rxd1 Bxd1 33.
Be4 Kf7 34. Kg2 g6 35. h3 Ke6 36. Bb1 a4 37. Kf1 b5 38. Ke1 Bf3 39. Kd2 Bg2 40.
Ba2+ Ke5 41. h4 Bf2 42. g4 Bxh4 43. Ke2 Bd5 44. Bb1 Be4 45. Ba2 c5 46. Bg8 Bd5
47. Bxh7 Kf6 48. Be3 Kg7 49. Bxg6 Kxg6 50. Bxc5 Bf6 51. Kd2 Bxb2 52. Be7 Be4
53. Ke3 Bb1 54. Kf4 Bc3 55. Ke3 Kf7 56. Bc5 b4 57. axb4 a3 58. b5 a2 59. b6
a1=Q 60. b7 Be5 0-1

[Event "31. Torneo San Viator 2019"]
[Site "Madrid ESP"]
[Date "2019.10.27"]
[Round "7.4"]
[White "Periotto Miori, Fabrizio Lautaro"]
[Black "Matesanz Bonastre, Rafael"]
[Result "1/2-1/2"]
[WhiteElo "1803"]
[BlackElo "1902"]
[PlyCount "45"]
[EventDate "2019.09.08"]
[EventType "swiss"]
[EventRounds "9"]
[EventCountry "ESP"]
[SourceTitle "Ajedrez en Madrid"]
[Source "lmi"]
[SourceDate "2019.09.08"]
[SourceVersion "1"]
[SourceVersionDate "2019.10.29"]
[SourceQuality "1"]

1. d4 e6 2. e4 d5 3. Nc3 Bb4 4. e5 c5 5. a3 Bxc3+ 6. bxc3 Ne7 7. Qg4 Qc7 8. Bd2
cxd4 9. cxd4 Qxc2 10. Rc1 Qe4+ 11. Qxe4 dxe4 12. Ne2 Bd7 13. Nc3 Bc6 14. Bb5
O-O 15. O-O Rd8 16. Bg5 Kf8 17. Rfd1 h6 18. Bxe7+ Kxe7 19. Bxc6 Nxc6 20. Nxe4
Rd5 21. Kf1 Rad8 22. Nd6 Rxd4 23. Rxd4 1/2-1/2